<?xml version="1.0" encoding="UTF-8"?><?xml-stylesheet type="text/xsl" href="static/style.xsl"?><OAI-PMH xmlns="http://www.openarchives.org/OAI/2.0/" xmlns:xsi="http://www.w3.org/2001/XMLSchema-instance" xsi:schemaLocation="http://www.openarchives.org/OAI/2.0/ http://www.openarchives.org/OAI/2.0/OAI-PMH.xsd"><responseDate>2026-04-27T22:09:37Z</responseDate><request verb="GetRecord" identifier="oai:uvadoc.uva.es:10324/52488" metadataPrefix="marc">https://uvadoc.uva.es/oai/request</request><GetRecord><record><header><identifier>oai:uvadoc.uva.es:10324/52488</identifier><datestamp>2022-03-16T21:51:13Z</datestamp><setSpec>com_10324_38</setSpec><setSpec>col_10324_787</setSpec></header><metadata><record xmlns="http://www.loc.gov/MARC21/slim" xmlns:doc="http://www.lyncode.com/xoai" xmlns:xsi="http://www.w3.org/2001/XMLSchema-instance" xmlns:dcterms="http://purl.org/dc/terms/" xsi:schemaLocation="http://www.loc.gov/MARC21/slim http://www.loc.gov/standards/marcxml/schema/MARC21slim.xsd">
<leader>00925njm 22002777a 4500</leader>
<datafield tag="042" ind1=" " ind2=" ">
<subfield code="a">dc</subfield>
</datafield>
<datafield tag="720" ind1=" " ind2=" ">
<subfield code="a">Prados Bravo, Clara</subfield>
<subfield code="e">author</subfield>
</datafield>
<datafield tag="260" ind1=" " ind2=" ">
<subfield code="c">2021</subfield>
</datafield>
<datafield tag="520" ind1=" " ind2=" ">
<subfield code="a">El presente trabajo de investigación nace de la idea de mostrar la práctica coral como una estrategia de motivación para el alumnado en el curso de segundo de educación secundaria, con el fin de analizar sus múltiples beneficios en esta etapa educativa, y desarrollar un plan de actuación que pueda llevarse a cabo en los diferentes centros educativos.&#xd;
En este documento se propone una unidad didáctica dividida en las tres evaluaciones del curso, cuyo foco central es la actividad coral a través de diferentes géneros musicales: la música culta, la música folclórica y la música popular urbana. Esto se ha llevado a cabo en el aula de segundo de ESO del IES Antonio Tovar de Valladolid, en el que se observó cómo la práctica del canto en grupo aumentó la motivación y participación del alumnado, les ayudó a reforzar conocimientos de diversas áreas de la asignatura, y a mejorar su autoestima.</subfield>
</datafield>
<datafield tag="024" ind2=" " ind1="8">
<subfield code="a">https://uvadoc.uva.es/handle/10324/52488</subfield>
</datafield>
<datafield tag="245" ind1="0" ind2="0">
<subfield code="a">El canto en grupo como estrategia motivadora en el aula de 2º de ESO. Puesta en práctica en el IES Antonio Tovar de Valladolid.</subfield>
</datafield>
</record></metadata></record></GetRecord></OAI-PMH>